000 004960000a22001690004500
041 0 _aSPA
082 0 4 _aG 284 A4731p
100 1 _aÁlvarez, Carmelo E.
245 1 0 _aEl protestantismo latinoamericano : Entre la crisis y el desafío / Carmelo E. Álvarez
260 _aMexico, D.F., México : Casa Unida de Publicaciones
300 _a152 Pag
001 8745
942 _cBK
999 _c38865
_d38865
336 _atexto
_btxt
_2rdacontent
337 _2rdamedia
_asin mediación
_bn
338 _2rdacarrier
_avolumen
_bnc